Statistics for NCAA Football Head Coaches

Click here to take the quiz!

General Stats

  • This quiz has been taken 23 times
  • The average score is 16 of 134

Answer Stats

SchoolTeam Name% Correct
Duke | James Madison | Tulane-
100%
AlabamaNick Saban
63%
ColoradoDeion Sanders
58%
GeorgiaKirby Smart
58%
ClemsonDabo Swinney
53%
MichiganJim Harbaugh
53%
USCLincoln Riley
53%
UCLAChip Kelly
42%
Ohio StateRyan Day
42%
LSUBrian Kelly
37%
North CarolinaMack Brown
37%
NebraskaMatt Rhule
37%
Penn StateJames Franklin
32%
TennesseeJosh Heupel
32%
OregonDan Lanning
26%
AuburnHugh Freeze
26%
WashingtonKalen DeBoer
26%
Ole MissLane Kiffin
26%
Texas A&MMike Elko
26%
Oklahoma StateMike Gundy
26%
Florida StateMike Norvell
26%
FloridaBilly Napier
21%
Miami (FL)Mario Cristobal
21%
South CarolinaShane Beamer
21%
TexasSteve Sarkisian
21%
OklahomaBrent Venables
16%
BaylorDave Aranda
16%
UCFGus Malzahn
16%
Michigan StateJonathan Smith
16%
IowaKirk Ferentz
16%
UtahKyle Whittingham
16%
WisconsinLuke Fickell
16%
Iowa StateMatt Campbell
16%
ArkansasSam Pittman
16%
TCUSonny Dykes
16%
VirginiaTony Elliott
16%
Utah StateBlake Anderson
11%
Wake ForestDave Clawson
11%
Colorado StateJay Norvell
11%
ArizonaJedd Fisch
11%
LouisvilleJeff Brohm
11%
UTSAJeff Traylor
11%
BYUKalani Sitake
11%
KansasLance Leipold
11%
Notre DameMarcus Freeman
11%
KentuckyMark Stoops
11%
MinnesotaP.J. Fleck
11%
Florida AtlanticTom Herman
11%
UABTrent Dilfer
11%
Air ForceTroy Calhoun
11%
HoustonWillie Fritz
11%
UNLVBarry Odom
5%
San Jose StateBrent Brennan
5%
Georgia TechBrent Key
5%
New MexicoBronco Mendenhall
5%
Arkansas StateButch Jones
5%
Kansas StateChris Klieman
5%
Georgia SouthernClay Helton
5%
WyomingCraig Bohl
5%
IndianaCurt Cignetti
5%
Middle TennesseeDerek Mason
5%
MissouriEli Drinkwitz
5%
RutgersGreg Schiano
5%
LibertyJamey Chadwell
5%
Mississippi StateJeff Lebby
5%
Central MichiganJim McElwain
5%
UConnJim Mora
5%
AkronJoe Moorhead
5%
Texas TechJoey McGuire
5%
Arizona StateKenny Dillingham
5%
FIUMike MacIntyre
5%
West VirginiaNeal Brown
5%
SMURhett Lashlee
5%
MemphisRyan Silverfield
5%
CincinnatiScott Satterfield
5%
Louisiana TechSonny Cumbie
5%
HawaiiTimmy Chang
5%
South FloridaAlex Golesh
0%
CharlotteBiff Poggi
0%
Virginia TechBrent Pry
0%
IllinoisBret Bielema
0%
Kennesaw StateBrian Bohannon
0%
NavyBrian Newberry
0%
Louisiana-MonroeBryant Vincent
0%
MarshallCharles Huff
0%
Eastern MichiganChris Creighton
0%
Miami (OH)Chuck Martin
0%
VanderbiltClark Lea
0%
NC StateDave Doeren
0%
NorthwesternDavid Braun
0%
Syracuse
Fran Brown
0%
UMassDon Brown
0%
North TexasEric Morris
0%
Texas StateG.J. Kinne
0%
Washington StateJake Dickert
0%
ToledoJason Candle
0%
NevadaJeff Choate
0%
Boston CollegeJeff Hafley
0%
ArmyJeff Monken
0%
Fresno StateJeff Tedford
0%
New Mexico StateJerry Kill
0%
TroyJon Sumrall
0%
CaliforniaJustin Wilcox
0%
South AlabamaKane Wommack
0%
Sam Houston StateK.C. Keeler
0%
Kent StateKenni Burns
0%
TulsaKevin Wilson
0%
Western MichiganLance Taylor
0%
BuffaloMaurice Linguist
0%
LouisianaMichael Desormeaux
0%
RiceMike Bloomgren
0%
East CarolinaMike Houston
0%
MarylandMike Locksley
0%
Ball StateMike Neu
0%
PittsburghPat Narduzzi
0%
Jacksonville StateRich Rodriguez
0%
Old DominionRicky Rahne
0%
PurdueRyan Walters
0%
Bowling GreenScot Loeffler
0%
UTEPScotty Walden
0%
San Diego StateSean Lewis
0%
Appalachian StateShawn Clark
0%
Georgia StateShawn Elliott
0%
Boise StateSpencer Danielson
0%
TempleStan Drayton
0%
Northern IllinoisThomas Hammock
0%
OhioTim Albin
0%
Coastal CarolinaTim Beck
0%
Oregon StateTrent Bray
0%
StanfordTroy Taylor
0%
Western KentuckyTyson Helton
0%
Southern MissWill Hall
0%

Score Distribution

Percentile by Number Answered

Percent of People with Each Score

Your Score History

You have not taken this quiz